01078 a2200181 45000010006000000050017000060080041000230030015000640400040000790800105001192450022002240200018002462640033002643000019002975050548003160410008008641000024008725474020260407155822.0260407a1982 arg spa dAR-UNSa-BCEJYS aAR-UNSa-BCEJYSbspacAR-UNSa-BCEJYS a304.4xAspectos generales de las políticas y prácticas sociales y culturales (política social)10aPolítica social a950-008-023-0 1aBuenos Aires :bAstreac1982 a390 p.c23 cm. a1. Las deficiencias sociales – 2. Noción, objeto, finalidad y principios básicos de la política social – 3. El desarrollo social – 4. Planificación y técnica de la política social – 5. Política laboral – 6. Política de seguridad social – 7. Política de salud – 8. Política de educación – 9. Política de vivienda – 10. Política de población y familia – 11. Política de participación en el desarrollo – 12. Política social de las diferencias agudas – 13. Política social internacional. aspa1 aPodetti, Humbero A.